<?xml version="1.0" encoding="UTF-8"?>
<resp>
  <nextPage>https://data.bn.org.pl/api/networks/bibs.marcxml?marc=001+b0000640005504&amp;sinceId=640005505</nextPage>
  <collection>
    <record xmlns='http://www.loc.gov/MARC21/slim'><leader>01823nam a2200529 i 4500</leader><controlfield tag='001'>b0000640005504</controlfield><controlfield tag='005'>20260415111020.0</controlfield><controlfield tag='008'>181218s2017    pl a         |000 0 pol  </controlfield><controlfield tag='009'>9912861035305606</controlfield><datafield ind1=' ' ind2=' ' tag='020'><subfield code='a'>9788328055223</subfield></datafield><datafield ind1=' ' ind2=' ' tag='035'><subfield code='a'>RAD_1RAD_1_79783-48omnis_rad</subfield></datafield><datafield ind1=' ' ind2=' ' tag='035'><subfield code='a'>RAD_1_79783</subfield></datafield><datafield ind1=' ' ind2=' ' tag='035'><subfield code='a'>(OCoLC)1010838458</subfield></datafield><datafield ind1=' ' ind2=' ' tag='035'><subfield code='a'>(PL)b0000640005504</subfield></datafield><datafield ind1=' ' ind2=' ' tag='040'><subfield code='a'>RADZYŃ 002</subfield><subfield code='c'>RADZYŃ 002</subfield></datafield><datafield ind1=' ' ind2=' ' tag='046'><subfield code='k'>2018</subfield></datafield><datafield ind1='0' ind2='0' tag='245'><subfield code='a'>Ubrania /</subfield><subfield code='c'>[opracowanie graficzne: Aneta Dmowska].</subfield></datafield><datafield ind1=' ' ind2=' ' tag='260'><subfield code='a'>Warszawa :</subfield><subfield code='b'>Wilga - Grupa Wydawnicza Foksal,</subfield><subfield code='c'>[2018].</subfield></datafield><datafield ind1=' ' ind2=' ' tag='300'><subfield code='a'>[16] stron :</subfield><subfield code='b'>ilustracje ;</subfield><subfield code='c'>13 cm.</subfield></datafield><datafield ind1=' ' ind2=' ' tag='336'><subfield code='a'>Obraz</subfield><subfield code='b'>sti</subfield><subfield code='2'>rdacontent.</subfield></datafield><datafield ind1=' ' ind2=' ' tag='336'><subfield code='a'>Tekst</subfield><subfield code='b'>txt</subfield><subfield code='2'>rdacontent.</subfield></datafield><datafield ind1=' ' ind2=' ' tag='337'><subfield code='a'>Bez urządzenia pośredniczącego</subfield><subfield code='b'>n</subfield><subfield code='2'>rdamedia.</subfield></datafield><datafield ind1=' ' ind2=' ' tag='338'><subfield code='a'>Wolumin</subfield><subfield code='b'>nc</subfield><subfield code='2'>rdacarrier.</subfield></datafield><datafield ind1=' ' ind2=' ' tag='380'><subfield code='a'>Druki ulotne</subfield></datafield><datafield ind1=' ' ind2=' ' tag='385'><subfield code='m'>Grupa wiekowa</subfield><subfield code='a'>Dzieci</subfield></datafield><datafield ind1=' ' ind2=' ' tag='385'><subfield code='m'>Grupa wiekowa</subfield><subfield code='a'>0-5 lat</subfield></datafield><datafield ind1='1' ind2=' ' tag='388'><subfield code='a'>2001-</subfield></datafield><datafield ind1='0' ind2=' ' tag='490'><subfield code='a'>Maluszek Poznaje</subfield></datafield><datafield ind1=' ' ind2=' ' tag='500'><subfield code='a'>Opis według okładki.</subfield></datafield><datafield ind1='8' ind2=' ' tag='521'><subfield code='a'>12+.</subfield></datafield><datafield ind1=' ' ind2='7' tag='650'><subfield code='a'>Ubiór</subfield><subfield code='2'>DBN</subfield></datafield><datafield ind1=' ' ind2='7' tag='655'><subfield code='a'>Książki dla małych dzieci</subfield><subfield code='2'>DBN</subfield></datafield><datafield ind1='1' ind2=' ' tag='700'><subfield code='a'>Dmowska, Aneta</subfield><subfield code='e'>Ilustracje</subfield></datafield><datafield ind1='2' ind2=' ' tag='710'><subfield code='a'>Grupa Wydawnicza Foksal</subfield><subfield code='e'>Wydawca.</subfield><subfield code='4'>pbl.</subfield></datafield><datafield ind1=' ' ind2='0' tag='830'><subfield code='a'>Maluszek Poznaje (Grupa Wydawnicza Foksal)</subfield></datafield><datafield ind1=' ' ind2=' ' tag='852'><subfield code='b'>48OMNIS_NETWORK</subfield><subfield code='8'>9912861035305606</subfield></datafield><datafield ind1=' ' ind2=' ' tag='852'><subfield code='b'>48OMNIS_LUK1</subfield><subfield code='8'>991000230009607906</subfield></datafield><datafield ind1=' ' ind2=' ' tag='920'><subfield code='a'>978-83-280-5522-3</subfield></datafield><datafield ind1=' ' ind2=' ' tag='950'><subfield code='u'>https://eu05.alma.exlibrisgroup.com/view/uresolver/48OMNIS_NETWORK/openurl?u.ignore_date_coverage=true&amp;portfolio_pid=538505310007906&amp;Force_direct=true</subfield><subfield code='z'>Rekord w katalogu online biblioteki</subfield><subfield code='8'>538505310007906</subfield></datafield></record>
  </collection>
</resp>
